Statistics for Formula 3 2023 Drivers

Click here to take the quiz!

General Stats

  • This quiz has been taken 92 times
  • The average score is 20 of 30

Answer Stats

TeamCountryDriver% Correct
PremaEstoniaPaul Aron
93%
PremaSwedenDino Beganovic
91%
HitechColombiaSebastián Montoya
91%
MPArgentinaFranco Colapinto
88%
TridentBrazilGabriel Bortoleto
81%
HitechItalyGabriele Mini
81%
ARTBulgariaNikola Tsolov
79%
PremaUnited KingdomZak O'Sullivan
79%
TridentGermanyOliver Goethe
74%
PHMGermanySophia Flörsch
74%
CamposSpainPepe Martí
72%
CamposAustraliaChristian Mansell
70%
ARTSwitzerlandGrégoire Saucy
70%
HitechUnited KingdomLuke Browning
70%
TridentItalyLeonardo Fornaroli
65%
Van AmersfoortMexicoRafael Villagómez
65%
Van AmersfoortBrazilCaio Collet
60%
JenzerUnited KingdomTaylor Barnard
60%
JenzerRussiaNikita Bedrin
58%
CamposAustraliaHugh Barter
53%
Rodin CarlinIsraelIdo Cohen
53%
MPSpainMari Boya
53%
MPUnited KingdomJonny Edgar
51%
ARTUnited StatesKaylen Frederick
51%
Van AmersfoortAustraliaTommy Smith
51%
JenzerMexicoAlex García
49%
Rodin CarlinUnited StatesHunter Yeany
47%
PHMBrazilRoberto Faria
47%
Rodin CarlinUnited KingdomOliver Gray
44%
PHMPolandPiotr Wiśnicki
42%

Score Distribution

Percentile by Number Answered

Percent of People with Each Score

Your Score History

You have not taken this quiz